00943nam a22002537a 45000010005000000030006000050050017000110080041000280400029000690500017000980820011001151000020001262450056001462600037002023000064002395050007003035200137003105210028004475210018004756500021004939420015005149990015005299520145005446400FISKH20250428154113.0250428b cb ||||| |||| 00| 0 eng d aFISKHbengcFISKHdFISKH a PZ8.W2173 I a782.42 aWarhola, James  aIf you're happy and you know it /cby James Warhola aNew York ; bScholastic, c2007. a32 unnumbered pages : bcolor illustrations ; c21 x 26 cm  aC  aJungle animals sing the verses of this popular song that encourages everyone to express their happiness through voice and movement. 8 a100 bLexile estimate 8 aC bRaz-Plus  aAnimals vJungle 2ddccBKn0 c6400d6400 00102lcc40708JUVFa001b001cTK Green 7-57-60d2025-04-28l0oWAR 782.42 PZ8.W2173 IpFISBK05255r2025-04-28 15:41:11t1w2025-04-28yBK